Automatické rozpoznanie auta v reálnom čase pre parkoviská
Salvato in:
| Autore principale: | |
|---|---|
| Altri autori: | |
| Natura: | Manoscritto Libro |
| Lingua: | slovacco |
| Pubblicazione: |
Bratislava :
STU v Bratislave FEI,
2021
|
| Soggetti: | |
| Accesso online: | https://opac.crzp.sk/?fn=detailBiblioForm&sid=2DF2AC71C78DA39E9FF0B0873752&seo=CRZP-detail-kniha |
| Tags: |
Nessun Tag, puoi essere il primo ad aggiungerne!!
|
MARC
| LEADER | 00000ntm a22000003a 4500 | ||
|---|---|---|---|
| 001 | stuzp82670 | ||
| 003 | SK-STU | ||
| 005 | 20211202124719.0 | ||
| 007 | ta | ||
| 008 | 150427s2015----xo-----f-mn---000-0-slo-d | ||
| 040 | |a STU |b slo | ||
| 041 | 0 | |a slo | |
| 044 | |a xo | ||
| 100 | 1 | |a Škvarko, Michal |u 037000 |4 aut |U FEI Fakulta elektrotechniky a informatiky |T FEI Ústav multimediálnych informačných a komunikačných technológií |X 74264 |U E070 |Y 818 |7 74264 | |
| 242 | 0 | 1 | |a Automatic Car Detection in Real Time for Parking Lots |y eng |
| 245 | 1 | 0 | |a Automatické rozpoznanie auta v reálnom čase pre parkoviská |
| 260 | |a Bratislava : |b STU v Bratislave FEI, |c 2021 | ||
| 300 | |a 71 s., príl. | ||
| 650 | 4 | |a OpenCV |2 slo | |
| 650 | 4 | |a detekcia auta |2 slo | |
| 650 | 4 | |a real-time |2 slo | |
| 650 | 4 | |a HAAR-Cascade detekcia |2 slo | |
| 650 | 4 | |a YOLO detekcia |2 slo | |
| 650 | 4 | |a HAAR-cascade detect |2 eng | |
| 650 | 4 | |a YOLO detect |2 eng | |
| 650 | 4 | |a OpenCV |2 eng | |
| 650 | 4 | |a detect car |2 eng | |
| 650 | 4 | |a real-time |2 eng | |
| 700 | 1 | |a Vargic, Radoslav |u 037000 |k Z1 |4 ths |U FEI Fakulta elektrotechniky a informatiky |T FEI Ústav multimediálnych informačných a komunikačných technológií |X 1918 |U E070 |Y 818 |7 A000001918 | |
| 856 | 4 | |u https://opac.crzp.sk/?fn=detailBiblioForm&sid=2DF2AC71C78DA39E9FF0B0873752&seo=CRZP-detail-kniha | |